Denmark

Guardado en:
Detalles Bibliográficos
Formato: Libro
Lenguaje:inglés
Publicado: Paris OECD 2013
Colección:Mental health and work
Materias:
Etiquetas: Agregar Etiqueta
Sin Etiquetas, Sea el primero en etiquetar este registro!

MARC

LEADER 00000nam a2200000 4500
001 0181469
005 20240315120520.7
020 |a 978-92-64-18862-4 
041 0 |a eng 
044 |a FR 
245 1 0 |a Denmark 
264 1 |a Paris  |b OECD  |c 2013 
300 |a 124 s. 
490 1 |a Mental health and work 
830 0 |a Mental health and work 
610 2 0 |a zamestnanie 
610 2 0 |a mládež 
610 2 0 |a trh práce 
610 2 0 |a podmienky pracovné 
610 2 0 |a prostredie pracovné 
610 2 0 |a starostlivosť o zdravie 
610 2 0 |a zdravie 
610 2 0 |a nezamestnanosť 
610 2 0 |a osoby zdravotne postihnuté 
610 2 0 |a chorobnosť 
610 2 0 |a choroby duševné 
610 2 0 |a Dánsko